Capitales de Argentina - Estadísticas

Estadísticas generales
  • Esta prueba ha sido intentada 56 veces
  • La puntuación promedio es 21 de 23
Estadísticas de respuestas
Hint Respuesta % Correcto
Córdoba Córdoba
98%
Mendoza Mendoza
98%
San Luis San Luis
98%
Formosa Formosa
96%
Buenos Aires La Plata
96%
La Rioja La Rioja
96%
Neuquén Neuquén
96%
San Juan San Juan
96%
Tucumán San Miguel de Tucumán
96%
Corrientes Corrientes
94%
Salta Salta
94%
Catamarca San Fernando del Valle de Catamarca
94%
Santa Fe Santa Fe
94%
Santiago del Estero Santiago del Estero
92%
Tierra del Fuego Ushuaia
90%
La Pampa Santa Rosa
88%
Entre Ríos Paraná
84%
Chaco Resistencia
84%
Jujuy San Salvador Jujuy
84%
Santa Cruz Río Gallegos
82%
Misiones Posadas
80%
Chubut Rawson
80%
Río Negro Viedma
73%
No se encontraron pruebas coincidentes
Distribución de puntuación
Porcentaje de gente con cada puntuación
Porcentaje por número respondido
Historial de tus puntuaciones
No has intentado esta prueba.